UM Logo
Normal view MARC view
  • Jang, SooCheong (Shawn).

Entry Personal Name

Number of records used in: 1

001 - CONTROL NUMBER

  • control field: 49486

003 - CONTROL NUMBER IDENTIFIER

  • control field: OSt

005 - DATE AND TIME OF LATEST TRANSACTION

  • control field: 20231004182402.0

008 - FIXED-LENGTH DATA ELEMENTS

  • fixed length control field: 231004|| aca||aabn | a|a d

040 ## - CATALOGING SOURCE

  • Original cataloging agency: OSt
  • Transcribing agency: OSt

100 ## - HEADING--PERSONAL NAME

  • Personal name: Jang, SooCheong (Shawn).
  • Relator term: author.

670 ## - SOURCE DATA FOUND

  • Source citation: Work cat.: (OSt): Jeong, EunHa. author. 49483, Kosher labelling in restaurants: , January-February 2020.